Holiday Quiz

Random Holiday or Christmas Quiz
Score 0/28 Timer 04:00
0 Plays Today
Holiday Hint Christmas Word % Correct
I'm dreaming of a ______ ChristmasWhite
78.6%
Santa's HelperElf
78.4%
Deck halls with boughs of thisHolly
78.1%
Two ______ DovesTurtle
77.3%
Hark! The herald ______ singAngels
75.2%
Jesus's city of birthBethlehem
74.1%
In a one ______ open sleighHorse
73.9%
Santa's mode of transportSleigh
73.9%
______ Plum FairySugar
73.4%
Tchaikovsky balletNutcracker
73.4%
Notable ReindeerRudolph
73.1%
Six _____ a-layingGeese
72.8%
______ NavidadFeliz
72.6%
Frozen H2OIce
72.6%
Holiday Hint Christmas Word % Correct
What chestnuts do over an open fireRoast
72.6%
Creamy festive holiday drinkEggnog
72.3%
There was no room at the ___Inn
71.8%
Decoder: Famous Christmas QuoteTwas The Night Before Christmas
71.2%
Gift for naughty childrenCoal
71%
Scrooge's first nameEbenezer
69.4%
Glad ______ of comfort and joyTidings
68.3%
The period prior to ChristmasAdvent
67.8%
Jesus's CribManger
67.3%
Silvery Christmas tree decoratonTinsel
67.3%
Frosty and his ilkSnowmen
64.9%
Decorative ball hung on Christmas treeOrnament
64.1%
And ______ and nature singHeaven
60.4%
Babes in ______Toyland
59.9%
Remove Ads.
Support Sporcle.
Get the best of Sporcle when you Go Orange. This ad-free experience offers more features, more stats, and more fun while also helping to support Sporcle. Thank you for becoming a member.

You're not logged in!

Compare scores with friends on all Sporcle quizzes.
OR
Log In

Show Comments

Extras

Created Nov 30, 2020ReportNominate
Tags:Christmas Quiz, phrase, Words

Top Quizzes Today


Score Distribution

Your Account Isn't Verified!

In order to create a playlist on Sporcle, you need to verify the email address you used during registration. Go to your Sporcle Settings to finish the process.

Report this User

Report this user for behavior that violates our Community Guidelines.

Details: